Statystyki dla Alfabet

Kliknij tutaj aby rozwiązać quiz!

Ogólne statystyki

  • Ten quiz został rozwiązany 40 razy
  • Średni wynik to 28 z 33

Statystyki odpowiedzi

literki% Poprawnych
1a
100%
2ą
100%
7e
100%
8ę
100%
15l
100%
16ł
100%
19ń
100%
18n
100%
3b
92%
4c
92%
5ć
92%
6d
92%
10g
92%
11h
92%
12i
92%
14k
92%
17m
92%
20o
92%
21ó
92%
22p
92%
13j
83%
24s
83%
25ś
83%
29w
83%
32z
83%
33ź
83%
9f
75%
23r
75%
26t
67%
30y
67%
27u
58%
31x
58%
28v
42%

Rozkład punktacji

Percentyl według liczby udzielonych odpowiedzi

Procent ludzi z każdym wynikiem

Twoja historia wyników

Nie rozwiązałeś tego quizu